All Countries with Tigers - Statistics

General Stats
  • This quiz has been taken 56 times
  • The average score is 12 of 12
Answer Stats
Type Population Answer % Correct
Bengal 3,000-3,600 India
100%
Sumatran ~200-600 Indonesia
100%
Siberian 500-600 Russia
100%
Bengal 106-114 Bangladesh
98%
Amur <50 China
98%
Malayan <150 Malaysia
98%
Bengal, Indochinese ~<20 Myanmar
98%
Bengal 316-355 Nepal
98%
Indochinese Possibly Few Vietnam
98%
Indochinese Possibly Few Cambodia
96%
Indochinese Possibly Few Laos
96%
Indochinese 148-189 Thailand
96%
No matching quizzes found
Score Distribution
Percent of People with Each Score
Percentile by Number Answered
Your Score History
You have not taken this quiz